Procedimiento de identificación, cuál es preferible (Record no. 109482)

MARC details
000 -LEADER
campo de control de longitud fija 00822nam a2200205 i 4500
001 - NÚMERO DE CONTROL
campo de control 109482
003 - IDENTIFICADOR DE NÚMERO DE CONTROL
campo de control ES-MaACL
005 - FECHA Y HORA DE LA ÚLTIMA TRANSACCIÓN
campo de control 20250811063142.0
007 - CAMPO FIJO DE DESCRIPCIÓN FÍSICA--INFORMACIÓN GENERAL
campo de control de longitud fija t|
008 - DATOS DE LONGITUD FIJA--INFORMACIÓN GENERAL
campo de control de longitud fija 061121s1910 sp |||| | spa d
100 1# - ENTRADA PRINCIPAL--NOMBRE DE PERSONA
Nombre de persona Olóriz Aguilera, Federico,
Fechas asociadas al nombre 1855-1912
9 (RLIN) 87005
245 10 - MENCIÓN DEL TÍTULO
Título Procedimiento de identificación, cuál es preferible
Resto del título : importancia de su generalización : ponencia presentada al tema 5º de la sección V /
Mención de responsabilidad, etc. por Federico Olóriz Aguilera.
260 ## - PUBLICACIÓN, DISTRIBUCIÓN, ETC.
Lugar de publicación, distribución, etc. Madrid :
Nombre del editor, distribuidor, etc. Hijos de Reus , editores,
Fecha de publicación, distribución, etc. 1910.
300 ## - DESCRIPCIÓN FÍSICA
Extensión 27 p. ;
Dimensiones 22 cm.
500 ## - NOTA GENERAL
Nota general En port.: Publicada por la Revista de Legislación y Jurisprudencia.
594 ## - Nota al título y mención de responsabilidad
Nota al título y mención de responsabilidad Precede al tít.: Primer Congreso Penitenciario de Valencia.
650 #4 - PUNTO DE ACCESO ADICIONAL DE MATERIA--TÉRMINO DE MATERIA
Término de materia o nombre geográfico como elemento de entrada Dactiloscopia.
9 (RLIN) 151776
852 ## - LOCALIZACIÓN
Ubicación ES-MaACL
Número de control de estantería T-1208-F-12
Holdings
Estatus retirado Estado de pérdida Estado de daño No para préstamo Colección Biblioteca de origen Biblioteca actual Ubicación en estantería Fecha de adquisición Fuente de adquisición Total de préstamos Signatura topográfica completa Código de barras Visto por última vez Precio de reemplazo Tipo de ítem Koha
        Colección de folletos Biblioteca del Ateneo de Madrid Biblioteca del Ateneo de Madrid Depósito folletos 17/01/2008     T-1208-F-12 1114234 23/02/2023 23/02/2023 Folleto